| 000 | 00855aam a2200301 4500 | ||
|---|---|---|---|
| 005 | 20250618143832.0 | ||
| 008 | 150610b xxu||||| |||| 00| 0 spa d | ||
| 020 | _a9789701514535 | ||
| 041 | _aESP | ||
| 082 | _a658.404 D542d | ||
| 100 |
_aDíaz Martín, Angel _924033 |
||
| 245 | _aDavid y Goliat: programación de referencia del proyecto | ||
| 260 | _aMéxico | ||
| 260 | _bAlfaomega | ||
| 260 | _c2009 | ||
| 300 | _a198 páginas | ||
| 490 | _aDirección y Administración de Empresas | ||
| 650 | _aGERENCIA DE PROYECTOS | ||
| 650 | _aADMINISTRACIÓN DEL PROYECTO | ||
| 650 | _aGENERACIÓN DE TRABAJO | ||
| 650 | _aDIRECCIÓN DE PROYECTO | ||
| 650 | _aDESARROLLO DEL PROYECTO | ||
| 650 | _aINICIACIÓN DEL PROYECTO | ||
| 650 | _aPLANIFICACIÓN | ||
| 650 | _aCENTRO DE DEMOSTRACIÓN | ||
| 650 | _aSIMULADOR | ||
| 942 |
_cBK _2ddc |
||
| 999 |
_c2750 _d2750 |
||